Statistics for All I Wanted - Paramore - All Lyrics

Click here to take the quiz!

General Stats

  • This quiz has been taken 89 times
  • The average score is 121 of 145

Answer Stats

Answer% Correct
a
100%
I
100%
was
98%
when
98%
all
97%
All
97%
you
97%
wanted
95%
(Oh,
91%
oh)
91%
the
89%
me
88%
then,
88%
you're
86%
of
85%
out
85%
out,
85%
there
85%
to
83%
And
82%
and
82%
my
82%
Think
82%
think
82%
on
80%
too
74%
I'll
72%
I’ll
72%
knees
72%
times
72%
way
72%
apartment
71%
beg
71%
few
71%
from
71%
treats
71%
world
71%
fall
69%
fairly
68%
I'm
68%
That
68%
asleep
66%
it's
66%
nice
66%
couch
65%
pace
65%
down
62%
dream
62%
shame
62%
Well,
62%
black
60%
escape
60%
just
60%
up
60%
white
60%
at
57%
mouth
57%
remember
57%
reruns
57%
slow
57%
maybe
55%
start
55%
wake
55%
beginning
54%
our
54%
early
52%
favorite
52%
parts
51%
relive
51%
could
46%
follow
46%
we'd
45%

Score Distribution

Percentile by Number Answered

Percent of People with Each Score

Your Score History

You have not taken this quiz